[Event "Olympiad Women-45"]
[Site "Budapest"]
[Date "2024.09.22"]
[Round "11.4"]
[White "Benzon, Tiffany"]
[Black "Takali, Milly"]
[Result "0-1"]
[WhiteElo "1610"]
[BlackElo "1707"]
[PlyCount "66"]
[EventDate "2024.09.11"]
[EventType "team-swiss"]
[EventRounds "11"]
[EventCountry "HUN"]
[SourceTitle "EXT 2025"]
[Source "ChessBase"]
[SourceDate "2024.10.14"]
[SourceVersion "1"]
[SourceVersionDate "2024.10.14"]
[SourceQuality "1"]
[WhiteTeam "Guam (W)"]
[BlackTeam "Uganda (W)"]
[WhiteTeamCountry "GMA"]
[BlackTeamCountry "UGA"]

1. e4 c5 2. c3 d6 3. d4 cxd4 4. cxd4 g6 5. Nf3 Bg7 6. Nc3 a6 7. Bc4 Nc6 8. d5 Ne5 9. Nxe5 Bxe5 10. f4 Bg7 11. 0-0 Nf6 12. h3 0-0 13. e5 dxe5 14. fxe5 Nh5 15. g4 Ng3 16. Re1 f5 17. exf6 Bxf6 18. Bf4 Qb6+ 19. Kg2 Qxb2+ 20. Ne2 Nxe2 21. Qxe2 Qxe2+ 22. Rxe2 Bxa1 23. Bh6 Re8 24. d6+ e6 25. Kg3 Bd7 26. Bg5 Rac8 27. Bb3 Rc3+ 28. Kh4 Kg7 29. Rf2 Rd3 30. Be7 Be5 31. g5 Bg3+ 32. Kg4 e5+ 33. Rf5 Bxf5# 0-1

[Event "Olympiad Women-45"]
[Site "Budapest"]
[Date "2024.09.21"]
[Round "10.4"]
[White "Takali, Milly"]
[Black "Braganza, Nadia"]
[Result "0-1"]
[WhiteElo "1707"]
[BlackElo "1892"]
[PlyCount "140"]
[EventDate "2024.09.11"]
[EventType "team-swiss"]
[EventRounds "11"]
[EventCountry "HUN"]
[SourceTitle "EXT 2025"]
[Source "ChessBase"]
[SourceDate "2024.10.14"]
[SourceVersion "1"]
[SourceVersionDate "2024.10.14"]
[SourceQuality "1"]
[WhiteTeam "Uganda (W)"]
[BlackTeam "New Zealand (W)"]
[WhiteTeamCountry "UGA"]
[BlackTeamCountry "NZL"]

1. d4 d5 2. Bf4 Nf6 3. e3 e6 4. Nf3 Bd6 5. Ne5 0-0 6. Nd2 c5 7. c3 Qc7 8. Bd3 Nc6 9. Ndf3 h6 10. h3 Nd7 11. Nxd7 Bxd7 12. Bxd6 Qxd6 13. 0-0 e5 14. Bb5 cxd4 15. Bxc6 bxc6 16. exd4 e4 17. Ne5 Bf5 18. Qh5 Bh7 19. Qe2 f6 20. Ng4 f5 21. Ne5 f4 22. Qa6 Rfc8 23. b4 f3 24. Rfe1 Qf6 25. Re3 Qg5 26. g3 Bf5 27. Kh2 Bxh3 28. Qb7 Be6 29. Rh1 Rab8 30. Qa6 Rc7 31. a4 Bh3 32. Kg1 Bg2 33. Rh4 h5 34. Qa5 Rcb7 35. Qc5 Rf8 36. Qxc6 Rb6 37. Qxd5+ Kh7 38. Qxe4+ g6 39. Nd7 Rf7 40. Nxb6 axb6 41. Qe5 Qh6 42. Qd5 Kg7 43. Rhe4 h4 44. Qe5+ Kg8 45. Rxh4 Qg7 46. Qxg7+ Kxg7 47. d5 Ra7 48. b5 Rd7 49. Rd4 Kf7 50. d6 g5 51. Re5 Kf6 52. Re8 Rh7 53. Rh4 gxh4 54. g4 Rd7 55. Rc8 Rxd6 56. Rc6 Ke5 57. Rxd6 Kxd6 58. Kh2 Bf1 59. g5 Ke5 60. Kg1 Bc4 61. Kh2 Kf5 62. g6 Kxg6 63. Kh3 Kg5 64. Kh2 Kg4 65. Kh1 Bb3 66. a5 bxa5 67. b6 Bd5 68. c4 Bb7 69. c5 a4 70. Kh2 a3 0-1

[Event "Kampala Sagewood Cup (Women)"]
[Site "Kampala"]
[Date "2024.05.19"]
[Round "8"]
[White "Mugide, Safinah"]
[Black "Takali, Milly"]
[Result "1/2-1/2"]
[WhiteElo "1612"]
[BlackElo "1749"]
[PlyCount "104"]
[EventDate "2024.05.16"]
[EventType "swiss"]
[EventRounds "8"]
[EventCountry "UGA"]
[SourceTitle "CBM 220 Extra"]
[Source "ChessBase"]
[SourceDate "2024.07.31"]
[SourceVersion "1"]
[SourceVersionDate "2024.07.31"]
[SourceQuality "1"]

1. d4 Nf6 2. e3 b6 3. f4 Bb7 4. Nf3 g6 5. Bd3 Bg7 6. c4 d6 7. 0-0 0-0 8. Qe2 c5 9. Nbd2 e6 10. b3 Nc6 11. Bb2 Ne7 12. Rad1 Qc7 13. e4 Bh6 14. Ng5 cxd4 15. Bxd4 e5 16. fxe5 dxe5 17. Be3 Bg7 18. Bb1 Rad8 19. h3 Nc6 20. Ngf3 h6 21. c5 Nd4 22. Nxd4 exd4 23. cxb6 Qxb6 24. Nc4 Qe6 25. Bxd4 Nxe4 26. Bxg7 Kxg7 27. Bxe4 Qxe4 28. Qxe4 Bxe4 29. Rxd8 Rxd8 30. Re1 f5 31. g4 Rd3 32. gxf5 gxf5 33. Re3 Kf6 34. Rxd3 Bxd3 35. Kf2 Bb1 36. a3 Bc2 37. Nd2 Ke5 38. b4 Kd4 39. h4 h5 40. Kf3 Kc3 41. Nf1 Bd1+ 42. Kf4 Kb2 43. Ne3 Be2 44. a4 Kb3 45. Nxf5 Kxb4 46. Nd4 Bd1 47. Nc6+ Kxa4 48. Nxa7 Kb4 49. Nc6+ Kc5 50. Ne7 Kd6 51. Nf5+ Ke6 52. Ng3 Kf6 1/2-1/2

[Event "Katwe SOM op (Women)"]
[Site "Katwe"]
[Date "2024.03.30"]
[Round "3"]
[White "Takali, Milly"]
[Black "Kawuma, Patricia"]
[Result "0-1"]
[WhiteElo "1671"]
[BlackElo "1764"]
[PlyCount "45"]
[EventDate "2024.03.29"]
[EventType "swiss"]
[EventRounds "8"]
[EventCountry "UGA"]
[SourceTitle "EXT 2025"]
[Source "ChessBase"]
[SourceDate "2024.10.14"]
[SourceVersion "1"]
[SourceVersionDate "2024.10.14"]
[SourceQuality "1"]

1. d4 Nf6 2. Bf4 g6 3. Nc3 Bg7 4. e4 d6 5. Qd2 Nc6 6. 0-0-0 Nh5 7. Be3 e5 8. dxe5 Bxe5 9. Be2 Nf6 10. Bh6 Rg8 11. f3 Bd7 12. Bg5 Bxc3 13. bxc3 Qe7 14. Bb5 Qe6 15. Kb1 Ne5 16. Bxd7+ Nfxd7 17. Ne2 Qc4 18. Nd4 Nc5 19. Rhe1 Na4 20. Re3 Qa6 21. Qe2 Nc4 22. Red3 c5 23. Nf5 0-1

[Event "Kampala Zabasajja Memorial (Women) op"]
[Site "Kampala"]
[Date "2024.01.27"]
[Round "5"]
[White "Hailey, Nio Michelle"]
[Black "Takali, Milly"]
[Result "1/2-1/2"]
[WhiteElo "1064"]
[BlackElo "1503"]
[PlyCount "62"]
[EventDate "2024.01.25"]
[EventType "swiss"]
[EventRounds "8"]
[EventCountry "UGA"]
[SourceTitle "EXT 2025"]
[Source "ChessBase"]
[SourceDate "2024.10.14"]
[SourceVersion "1"]
[SourceVersionDate "2024.10.14"]
[SourceQuality "1"]

1. Nf3 b5 2. d3 c5 3. Nbd2 d5 4. e4 e6 5. g3 Bb7 6. Bg2 Be7 7. 0-0 h5 8. Re1 g5 9. c3 Nd7 10. exd5 Bxd5 11. c4 Bb7 12. cxb5 Rb8 13. b3 Bf6 14. Rb1 h4 15. Nc4 Kf8 16. Bb2 Bxb2 17. Rxb2 Qf6 18. Nce5 Nxe5 19. Nxe5 Ke7 20. Bxb7 Rxb7 21. Qf3 Qxf3 22. Nxf3 hxg3 23. fxg3 g4 24. Ne5 Nf6 25. a4 Rh5 26. Rf2 Rh6 27. Ref1 Kd6 28. Nc4+ Ke7 29. Ne5 Kd6 30. Nc4+ Ke7 31. Ne5 Kd6 1/2-1/2

[Event "UGA-chT 2324"]
[Site "Kampala"]
[Date "2024.01.21"]
[Round "14.6"]
[White "Namaganda, Christine"]
[Black "Takali, Milly"]
[Result "1-0"]
[WhiteElo "1586"]
[BlackElo "1434"]
[PlyCount "64"]
[EventDate "2023.07.16"]
[EventType "team-swiss"]
[EventRounds "14"]
[EventCountry "UGA"]
[SourceTitle "EXT 2025"]
[Source "ChessBase"]
[SourceDate "2024.10.14"]
[SourceVersion "1"]
[SourceVersionDate "2024.10.14"]
[SourceQuality "1"]
[WhiteTeam "Kireka Salty CC"]
[BlackTeam "Soroti CC"]
[WhiteTeamCountry "UGA"]
[BlackTeamCountry "UGA"]

1. d4 e5 2. dxe5 d6 3. Nf3 Nc6 4. Bg5 f6 5. exf6 gxf6 6. Bf4 Bg4 7. e3 h5 8. Be2 Qd7 9. h3 Be6 10. Nh4 Qg7 11. Bxh5+ Bf7 12. Bxf7+ Qxf7 13. Bg3 0-0-0 14. Nc3 Nh6 15. Qd2 Qh5 16. Qd5 Qe8 17. 0-0-0 Bg7 18. Qe4 Qd7 19. Qf3 Ne5 20. Qe2 Nc6 21. Nf3 Nf5 22. Bh2 Qe6 23. Kb1 Rde8 24. Rde1 Nh4 25. Nxh4 Rxh4 26. Bf4 f5 27. Nd5 Qe4 28. Qd3 Qe6 29. a3 Ne5 30. Qb3 Qd7 31. Nc3 Ng6 32. Bg5 Rhh8 1-0

[Event "Africa-ch U2300 (Women)"]
[Site "Mombasa"]
[Date "2022.12.03"]
[Round "9"]
[White "Takali, Milly"]
[Black "Nansubuga, Gloria"]
[Result "1-0"]
[WhiteElo "1482"]
[BlackElo "1489"]
[PlyCount "31"]
[EventDate "2022.11.27"]
[EventType "swiss"]
[EventRounds "9"]
[EventCountry "KEN"]
[SourceTitle "EXT 2024"]
[Source "ChessBase"]
[SourceDate "2023.10.10"]
[SourceVersion "1"]
[SourceVersionDate "2023.10.10"]
[SourceQuality "1"]

1. d4 Nf6 2. c4 c6 3. Nc3 g6 4. e4 d6 5. Bf4 Nh5 6. Be3 Bg7 7. Qd2 0-0 8. 0-0-0 Nd7 9. Be2 Nhf6 10. h4 h5 11. g4 hxg4 12. Bh6 Re8 13. Bxg7 Kxg7 14. e5 dxe5 15. dxe5 Nh5 16. e6 1-0

[Event "UGA-chT"]
[Site "Kampala"]
[Date "2022.08.14"]
[Round "4"]
[White "Takali, Milly"]
[Black "Amoko, Ivy Claire"]
[Result "0-1"]
[WhiteElo "1482"]
[BlackElo "1789"]
[PlyCount "58"]
[EventDate "2022.07.10"]
[EventType "team-swiss"]
[EventRounds "14"]
[EventCountry "UGA"]
[SourceTitle "EXT 2024"]
[Source "ChessBase"]
[SourceDate "2023.10.10"]
[SourceVersion "1"]
[SourceVersionDate "2023.10.10"]
[SourceQuality "1"]
[WhiteTeam "Makindye CC"]
[BlackTeam "Kireka Panthers"]
[WhiteTeamCountry "UGA"]
[BlackTeamCountry "UGA"]

1. d4 f5 2. Nf3 Nf6 3. g3 e6 4. Bg2 d5 5. c4 c6 6. Nc3 Bd6 7. c5 Bc7 8. 0-0 Nbd7 9. b4 Ne4 10. Nxe4 fxe4 11. Bg5 Nf6 12. Ne5 0-0 13. Ng4 Qe8 14. Nxf6+ gxf6 15. Be3 Qg6 16. h4 Bd7 17. Rb1 a6 18. f3 f5 19. fxe4 fxe4 20. Qd2 Kg7 21. Bf4 Bxf4 22. Rxf4 e5 23. dxe5 e3 24. Qd3 Bf5 25. Rxf5 Qxf5 26. Qxf5 Rxf5 27. e6 Rf2 28. Rb2 d4 29. Rc2 Re8 0-1

[Event "Olympiad Women-44"]
[Site "Chennai"]
[Date "2022.08.09"]
[Round "11.4"]
[White "Takali, Milly"]
[Black "Reid, Caitlin"]
[Result "1-0"]
[WhiteElo "1482"]
[BlackElo "1437"]
[PlyCount "77"]
[EventDate "2022.07.29"]
[EventType "team-swiss"]
[EventRounds "11"]
[EventCountry "IND"]
[SourceTitle "CBM 210"]
[Source "ChessBase"]
[SourceDate "2022.10.31"]
[SourceVersion "1"]
[SourceVersionDate "2022.10.31"]
[SourceQuality "1"]
[WhiteTeam "Uganda (W)"]
[BlackTeam "Scotland (W)"]
[WhiteTeamCountry "UGA"]
[BlackTeamCountry "SCO"]

1. d4 d5 2. e3 Nc6 3. Nf3 g6 4. Nc3 Nf6 5. Be2 Bg7 6. b3 Ne4 7. Bb2 Bf5 8. h3 Qd7 9. Nxe4 Bxe4 10. Qd2 0-0 11. 0-0 a5 12. c4 e6 13. Nh2 Ne7 14. f3 Bf5 15. g4 Qd6 16. gxf5 Qg3+ 17. Kh1 Nxf5 18. Bd3 Qxh3 19. Bxf5 Qxf5 20. Rae1 dxc4 21. bxc4 Qf6 22. e4 Rfd8 23. Qf2 c5 24. Ng4 Qe7 25. d5 Bf8 26. Bf6 Qc7 27. Bxd8 Rxd8 28. Qh2 Qe7 29. e5 h5 30. Nf6+ Kh8 31. d6 Rxd6 32. exd6 Qxd6 33. Qxd6 Bxd6 34. Rd1 Be7 35. Ne4 g5 36. Rd7 Bf8 37. Rxf7 Bg7 38. Nxc5 Kg8 39. Rxb7 1-0

[Event "UGA olympic qual (Women)"]
[Site "Kampala"]
[Date "2022.03.12"]
[Round "5"]
[White "Takali, Milly"]
[Black "Naisanga, Sheba Valentine"]
[Result "1/2-1/2"]
[WhiteElo "1474"]
[BlackElo "1391"]
[PlyCount "42"]
[EventDate "2022.03.05"]
[EventType "tourn"]
[EventRounds "13"]
[EventCountry "UGA"]
[SourceTitle "EXT 2023"]
[Source "ChessBase"]
[SourceDate "2022.10.05"]
[SourceVersion "1"]
[SourceVersionDate "2022.10.05"]
[SourceQuality "1"]

1. d4 d5 2. c4 e6 3. g3 Nf6 4. Bg2 Be7 5. Nc3 c6 6. Nf3 0-0 7. 0-0 Nbd7 8. c5 a5 9. a3 b6 10. cxb6 Nxb6 11. Ne5 Bb7 12. e3 c5 13. Bd2 Nbd7 14. Qb3 Ba6 15. Rfe1 Rb8 16. Qc2 Qc7 17. f4 Nxe5 18. fxe5 Nd7 19. Bf1 Bxf1 20. Rxf1 f6 21. exf6 Bxf6 1/2-1/2

[Event "UGA olympic qual (Women)"]
[Site "Kampala"]
[Date "2022.03.05"]
[Round "1"]
[White "Nansubuga, Gloria"]
[Black "Takali, Milly"]
[Result "1/2-1/2"]
[WhiteElo "1494"]
[BlackElo "1474"]
[PlyCount "21"]
[EventDate "2022.03.05"]
[EventType "tourn"]
[EventRounds "13"]
[EventCountry "UGA"]
[SourceTitle "EXT 2023"]
[Source "ChessBase"]
[SourceDate "2022.10.05"]
[SourceVersion "1"]
[SourceVersionDate "2022.10.05"]
[SourceQuality "1"]

1. d4 Nf6 2. c4 c5 3. Nf3 b5 4. e3 bxc4 5. Bxc4 d5 6. Bb5+ Bd7 7. Bxd7+ Nbxd7 8. 0-0 c4 9. Nc3 e6 10. h3 Rb8 11. Re1 1/2-1/2

[Event "Kampala Zabasajja Memorial op"]
[Site "Kampala"]
[Date "2022.01.30"]
[Round "2"]
[White "Mulooki, Patrick James"]
[Black "Takali, Milly"]
[Result "1/2-1/2"]
[WhiteElo "1650"]
[BlackElo "1434"]
[PlyCount "89"]
[EventDate "2022.01.30"]
[EventType "swiss"]
[EventRounds "8"]
[EventCountry "UGA"]
[SourceTitle "EXT 2023"]
[Source "ChessBase"]
[SourceDate "2022.10.05"]
[SourceVersion "1"]
[SourceVersionDate "2022.10.05"]
[SourceQuality "1"]

1. d4 Nf6 2. c4 g6 3. Nc3 Bg7 4. e4 d6 5. f3 Nc6 6. Be3 e5 7. d5 Ne7 8. Bd3 c5 9. dxc6 bxc6 10. Nge2 Nd7 11. 0-0 0-0 12. Qd2 Nc5 13. Bxc5 dxc5 14. Qe3 Qa5 15. b3 f5 16. Na4 f4 17. Qxc5 Qxc5+ 18. Nxc5 g5 19. Nc3 Ng6 20. Rad1 Bf6 21. Be2 Be7 22. N3a4 Rf7 23. Rd2 Nf8 24. Rfd1 Ne6 25. Nd7 Bxd7 26. Rxd7 Nd4 27. Kf1 Kg7 28. Nb2 Kf6 29. h3 Ke6 30. Rb7 c5 31. Nd3 h5 32. b4 cxb4 33. Nxb4 Bxb4 34. Rxb4 Nc2 35. c5 Nxb4 36. Bc4+ Ke7 37. Bxf7 Kxf7 38. Rd7+ Ke6 39. Rd6+ Ke7 40. g3 Nc2 41. Rg6 Rd8 42. Rxg5 Kf6 43. gxf4 exf4 44. Rf5+ Ke7 45. Rxf4 1/2-1/2

[Event "Kampala Zabasajja Memorial op"]
[Site "Kampala"]
[Date "2022.01.30"]
[Round "1"]
[White "Takali, Milly"]
[Black "Were, Samuel"]
[Result "0-1"]
[WhiteElo "1434"]
[BlackElo "1842"]
[PlyCount "66"]
[EventDate "2022.01.30"]
[EventType "swiss"]
[EventRounds "8"]
[EventCountry "UGA"]
[SourceTitle "EXT 2023"]
[Source "ChessBase"]
[SourceDate "2022.10.05"]
[SourceVersion "1"]
[SourceVersionDate "2022.10.05"]
[SourceQuality "1"]

1. d4 Nf6 2. Bf4 d6 3. c4 g6 4. Nc3 Nbd7 5. Qd2 e5 6. dxe5 dxe5 7. Bh6 Bb4 8. a3 Ne4 9. Qc2 Bxc3+ 10. bxc3 Nxf2 11. Kxf2 Qh4+ 12. g3 Qxh6 13. Bg2 Nc5 14. Nf3 e4 15. Nd4 e3+ 16. Ke1 0-0 17. Rb1 c6 18. h4 Qg7 19. Rf1 Re8 20. Rd1 Qe5 21. Rf4 h6 22. Nf3 Qc7 23. Kf1 Bf5 24. Rxf5 gxf5 25. Qxf5 Qxg3 26. Nd4 Re5 27. Qf3 Qxf3+ 28. Bxf3 Ne4 29. Kg2 Nd2 30. Kg3 c5 31. Bxb7 Rae8 32. Nf3 R5e7 33. Bd5 Rb8 0-1

[Event "Kampala Kireka op 4th"]
[Site "Kampala"]
[Date "2019.12.27"]
[Round "2"]
[White "Takali, Milly"]
[Black "Frobisha, Katula Paul"]
[Result "0-1"]
[WhiteElo "1434"]
[BlackElo "1897"]
[PlyCount "60"]
[EventDate "2019.12.27"]
[EventType "swiss"]
[EventRounds "8"]
[EventCountry "UGA"]
[SourceTitle "EXT 2021"]
[Source "ChessBase"]
[SourceDate "2020.10.23"]
[SourceVersion "1"]
[SourceVersionDate "2020.10.23"]
[SourceQuality "1"]

1. d4 Nf6 2. Bf4 g6 3. Nc3 d5 4. Qd2 Bg7 5. Bh6 0-0 6. Bxg7 Kxg7 7. h4 h5 8. f3 Qd6 9. e4 dxe4 10. Nxe4 Nxe4 11. fxe4 Qg3+ 12. Qf2 Qxf2+ 13. Kxf2 Nc6 14. c3 a6 15. d5 Ne5 16. Nf3 Ng4+ 17. Kg3 e6 18. c4 f5 19. exf5 exf5 20. Kf4 Re8 21. Re1 Bd7 22. Rxe8 Rxe8 23. Kg3 Re4 24. Ng5 Re3+ 25. Kf4 Re1 26. Nf3 Re4+ 27. Kg5 Nf2 28. Nh2 Nxh1 29. Bd3 Rd4 30. Bf1 Ng3 0-1